[Event "Prague Chess Festival (Masters)"]
[Site "Prague CZE"]
[Date "2020.02.19"]
[EventDate "2020.02.12"]
[Round "7.5"]
[Result "1/2-1/2"]
[White "Vidit Santosh Gujrathi"]
[Black "Pentala Harikrishna"]
[WhiteElo "2721"]
[BlackElo "2713"]
[PlyCount "57"]

1. d4 d5 2. c4 e6 3. Nf3 Nf6 4. Nc3 Be7 5. Bf4 O-O 6. e3 b6
7. Bd3 dxc4 8. Bxc4 Bb7 9. O-O a6 10. Qe2 b5 11. Bd3 Nbd7
12. Rfd1 Rc8 13. Ne5 Qe8 14. Rac1 Nxe5 15. Bxe5 c5 16. Bxf6
Bxf6 17. dxc5 Rxc5 18. Ne4 Rxc1 19. Nxf6+ gxf6 20. Rxc1 f5
21. Rc7 Bd5 22. Qh5 Qd8 23. Bxf5 exf5 24. Rd7 Qxd7 25. Qg5+
Kh8 26. Qf6+ Kg8 27. Qg5+ Kh8 28. Qf6+ Kg8 29. Qg5+ 1/2-1/2

[Event "Pepe Cuenca Invitational"]
[Site "chess24.com INT"]
[Date "2020.04.13"]
[EventDate "2020.04.12"]
[Round "1.1"]
[Result "0-1"]
[White "Peter Svidler"]
[Black "Vidit Santosh Gujrathi"]
[WhiteElo "2723"]
[BlackElo "2726"]
[PlyCount "40"]

1. e4 e5 2. Nf3 Nc6 3. Bb5 Nf6 4. d3 Bc5 5. c3 d5 6. exd5 Qxd5
7. Bc4 Qd6 8. Qe2 O-O 9. Nbd2 Bf5 10. b4 Bb6 11. Ng5 Qd7
12. Nde4 Nd5 13. Qf3 Nce7 14. a4 a5 15. b5 h6 16. Ng3 Bg4
17. Qe4 hxg5 18. h4 Nxc3 19. Qxe5 Bd4 20. Qxg5 Bf6 0-1

[Event "Pepe Cuenca Invitational"]
[Site "chess24.com INT"]
[Date "2020.04.13"]
[EventDate "2020.04.12"]
[Round "1.2"]
[Result "0-1"]
[White "Vidit Santosh Gujrathi"]
[Black "Peter Svidler"]
[WhiteElo "2726"]
[BlackElo "2723"]
[PlyCount "44"]

1. d4 Nf6 2. c4 g6 3. Nc3 d5 4. cxd5 Nxd5 5. e4 Nxc3 6. bxc3
Bg7 7. Nf3 c5 8. Be3 Qa5 9. Qd2 O-O 10. Rc1 Rd8 11. Be2 b6
12. d5 e6 13. O-O exd5 14. exd5 Ba6 15. Rfd1 Bxc3 16. Qc2 Bxe2
17. Qxe2 Nd7 18. d6 Bf6 19. Ng5 Qa4 20. Qf3 Re8 21. Nxh7 Kxh7
22. Qh3+ Kg8 0-1

[Event "Pepe Cuenca Invitational"]
[Site "chess24.com INT"]
[Date "2020.04.13"]
[EventDate "2020.04.12"]
[Round "1.3"]
[Result "1/2-1/2"]
[White "Peter Svidler"]
[Black "Vidit Santosh Gujrathi"]
[WhiteElo "2723"]
[BlackElo "2726"]
[PlyCount "189"]

1. Nf3 d5 2. g3 Nf6 3. Bg2 c5 4. O-O g6 5. c4 Bg7 6. cxd5 Nxd5
7. Nc3 O-O 8. Qa4 Nc7 9. d3 Nc6 10. Be3 Ne6 11. Rac1 Bd7
12. Qh4 Ncd4 13. Bxd4 cxd4 14. Nd5 Re8 15. Ng5 Nxg5 16. Qxg5
e6 17. Qxd8 Rexd8 18. Nf4 Rab8 19. Rc5 Bf8 20. Rc4 e5 21. Nh3
Be6 22. Rcc1 f6 23. f4 Bd6 24. a3 Bg4 25. Nf2 Bf5 26. Ne4 Bxe4
27. Bxe4 exf4 28. gxf4 f5 29. Bd5+ Kg7 30. Bb3 Rbc8 31. Rxc8
Rxc8 32. Kg2 Re8 33. Rf2 Kf6 34. Bd5 b6 35. h4 Rc8 36. Bb3 Rc1
37. Rf1 Rxf1 38. Kxf1 Bxf4 39. a4 h6 40. Bd5 Bg3 41. h5 g5
42. Kg2 Be1 43. b3 Ke5 44. Bc6 Kf4 45. Bd7 g4 46. Be6 Kg5
47. Bf7 Bb4 48. Be8 Kf4 49. Bg6 Kg5 50. Be8 Bd6 51. Bg6 f4
52. Be8 Be5 53. Bg6 Bc7 54. Be8 Bd8 55. Bg6 Be7 56. Be8 Bb4
57. Bf7 Bd2 58. Be8 Be3 59. Bg6 Kf6 60. Be8 Ke6 61. Bg6 Kd5
62. Bf5 g3 63. Bh7 Kc5 64. Bg8 Kb4 65. Bd5 Kc3 66. Be6 Kd2
67. Bg4 a5 68. Bf3 Bf2 69. Bg4 Ke3 70. Bf3 Be1 71. Bg4 Bb4
72. Bf3 Be7 73. Bg4 Kd2 74. Bf3 Kc3 75. Bd5 Kb4 76. Be6 Kc5
77. Bf7 Kd6 78. Bg8 Ke5 79. Bf7 Kf6 80. Bg6 Bb4 81. Be8 Be1
82. Bg6 Bf2 83. Be8 Be3 84. Bg6 Ke7 85. Be8 Kd6 86. Bg6 Kc5
87. Bf7 Kb4 88. Bd5 Kc3 89. Be6 Kd2 90. Bg4 Ke1 91. Bf3 Kd1
92. Bg4 Kd2 93. Bf3 Kc3 94. Bd5 Kd2 95. Bf3 1/2-1/2

[Event "Pepe Cuenca Invitational"]
[Site "chess24.com INT"]
[Date "2020.04.13"]
[EventDate "2020.04.12"]
[Round "1.4"]
[Result "0-1"]
[White "Vidit Santosh Gujrathi"]
[Black "Peter Svidler"]
[WhiteElo "2726"]
[BlackElo "2723"]
[PlyCount "78"]

1. Nf3 d5 2. d4 Bf5 3. c4 e6 4. Nc3 Nf6 5. Bg5 c6 6. e3 Nbd7
7. Bd3 Bxd3 8. Qxd3 Be7 9. O-O O-O 10. Rfd1 Qa5 11. Bf4 Qa6
12. b3 Rac8 13. e4 Rfd8 14. e5 Ne8 15. Ng5 Nf8 16. Qf3 Rd7
17. Rac1 h6 18. Nh3 dxc4 19. bxc4 Ba3 20. Rb1 Qxc4 21. Ne4
Rxd4 22. Rxd4 Qxd4 23. g4 b5 24. g5 h5 25. Rd1 Qa4 26. Nd6
Bxd6 27. exd6 Rd8 28. Qxh5 Ng6 29. Bg3 e5 30. Qf3 Rxd6
31. Rxd6 Nxd6 32. Qxc6 Qd1+ 33. Kg2 Ne7 34. Qc5 Nef5 35. Qxe5
Qg4 36. f3 Nh4+ 37. Kf2 Qxf3+ 38. Ke1 Ng2+ 39. Kd2 Nc4+ 0-1

[Event "Pepe Cuenca Invitational"]
[Site "chess24.com INT"]
[Date "2020.04.13"]
[EventDate "2020.04.12"]
[Round "1.5"]
[Result "1-0"]
[White "Peter Svidler"]
[Black "Vidit Santosh Gujrathi"]
[WhiteElo "2723"]
[BlackElo "2726"]
[PlyCount "89"]

1. c4 e5 2. g3 c6 3. Nf3 e4 4. Nd4 d5 5. cxd5 Qxd5 6. e3 Nf6
7. Nc3 Qe5 8. Bg2 Bc5 9. d3 exd3 10. Qxd3 O-O 11. O-O Rd8
12. Qc2 Na6 13. a3 Qh5 14. Nce2 Bxd4 15. Nxd4 Bh3 16. Bxh3
Qxh3 17. f3 c5 18. Ne2 Rac8 19. e4 Qe6 20. Be3 Nd5 21. Bg5 Ne7
22. Rad1 f6 23. Be3 b6 24. Nf4 Qf7 25. Qa4 Nc7 26. Rxd8+ Rxd8
27. Qxa7 Nc8 28. Qa4 g5 29. Ne2 Rd3 30. Kf2 Rb3 31. Rd1 b5
32. Rd8+ Kg7 33. Qa5 Ne6 34. Rxc8 Qd7 35. Ra8 Kg6 36. f4 gxf4
37. gxf4 Qd3 38. f5+ Kh5 39. Qd2 Qxd2 40. Bxd2 Ng5 41. Bxg5
Kxg5 42. Rg8+ Kh6 43. e5 fxe5 44. f6 e4 45. Rg3 1-0

[Event "Pepe Cuenca Invitational"]
[Site "chess24.com INT"]
[Date "2020.04.13"]
[EventDate "2020.04.12"]
[Round "1.6"]
[Result "1/2-1/2"]
[White "Vidit Santosh Gujrathi"]
[Black "Peter Svidler"]
[WhiteElo "2726"]
[BlackElo "2723"]
[PlyCount "136"]

1. e4 e5 2. Nf3 Nc6 3. Bc4 Bc5 4. c3 Nf6 5. d3 d6 6. O-O a6
7. a4 h6 8. h3 O-O 9. Re1 Ba7 10. Nbd2 Re8 11. b4 Be6 12. Bxe6
Rxe6 13. Qc2 Qd7 14. Rb1 Ree8 15. Nf1 Ne7 16. Be3 Bxe3
17. Nxe3 Ng6 18. c4 Nf4 19. Kh2 a5 20. bxa5 Rxa5 21. Rxb7 Ne6
22. Rb5 Rea8 23. Ra1 Nc5 24. Rab1 Qe8 25. g3 Rxa4 26. Nd5 Nxd5
27. cxd5 Ra2 28. R5b2 Rxb2 29. Rxb2 Ra3 30. Ne1 Qa8 31. Qe2 g6
32. Rb5 Kg7 33. Kg2 Qa4 34. Rb8 Ra2 35. Rb2 Ra1 36. Nf3 Qd1
37. Qxd1 Rxd1 38. Rd2 Rxd2 39. Nxd2 Nxd3 40. Kf3 f5 41. Ke3
fxe4 42. Nxe4 Nb4 43. Nc3 Kf6 44. Ke4 h5 45. h4 Na6 46. Nb5
Ke7 47. f3 Kd7 48. g4 c6 49. Nc3 Nc5+ 50. Ke3 cxd5 51. Nxd5
Ke6 52. Nc7+ Kf7 53. Nd5 Ne6 54. gxh5 gxh5 55. Ke4 Nc5+
56. Kf5 Nb3 57. f4 Nd4+ 58. Ke4 Ke6 59. Nc7+ Kd7 60. Nd5 Nc6
61. fxe5 Nxe5 62. Nf6+ Ke6 63. Nxh5 Ng6 64. Nf4+ Nxf4 65. Kxf4
Kf6 66. Ke4 Kg6 67. Kd5 Kh5 68. Kxd6 Kxh4 1/2-1/2

[Event "Pepe Cuenca Invitational"]
[Site "chess24.com INT"]
[Date "2020.04.13"]
[EventDate "2020.04.12"]
[Round "1.7"]
[Result "1/2-1/2"]
[White "Peter Svidler"]
[Black "Vidit Santosh Gujrathi"]
[WhiteElo "2723"]
[BlackElo "2726"]
[PlyCount "150"]

1. c4 c5 2. Nf3 g6 3. d4 cxd4 4. Nxd4 Bg7 5. e4 Nc6 6. Nc2 Nf6
7. Nc3 O-O 8. Be2 d6 9. O-O Nd7 10. Bd2 Nc5 11. b4 Bxc3
12. Bxc3 Nxe4 13. Bb2 e5 14. Bf3 f5 15. Qd5+ Rf7 16. Rad1 Ng5
17. Be2 Be6 18. Qxd6 Rd7 19. Qc5 Ne4 20. Qe3 Nd2 21. b5 Nxf1
22. Rxf1 f4 23. Qf3 Nd4 24. Nxd4 exd4 25. Qxf4 Qc7 26. Qf6 Qd6
27. c5 Qe7 28. Qxe7 Rxe7 29. Bxd4 Bd5 30. Be3 Bxa2 31. Ra1 Bd5
32. h3 Kf7 33. Rd1 Be4 34. Rd6 Bf5 35. Bc4+ Be6 36. Be2 Rd7
37. Bf3 Rxd6 38. cxd6 Rd8 39. Bxb7 Rxd6 40. Bf3 Rd7 41. b6
axb6 42. Bxb6 Rd3 43. Be4 Rb3 44. Be3 Rb4 45. Bf3 Rb8 46. g4
Rd8 47. Kg2 Bc4 48. Kg3 Ke6 49. Be4 Rf8 50. f4 Rb8 51. f5+ Kf7
52. fxg6+ hxg6 53. h4 Rb4 54. h5 gxh5 55. gxh5 Be2 56. Bg6+
Kg7 57. Kf2 Bg4 58. Kg3 Bd1 59. Bf4 Rb5 60. Kh4 Be2 61. Bd6
Rd5 62. Bf4 Bd3 63. Bxd3 Rxd3 64. h6+ Kg6 65. Kg4 Rd4 66. Kf3
Kf5 67. Be3 Rh4 68. Kg3 Rg4+ 69. Kf3 Ra4 70. Bd2 Ra3+ 71. Be3
Kg6 72. Ke4 Ra4+ 73. Kd3 Ra3+ 74. Ke4 Rxe3+ 75. Kxe3 Kxh6
1/2-1/2

[Event "Pepe Cuenca Invitational"]
[Site "chess24.com INT"]
[Date "2020.04.13"]
[EventDate "2020.04.12"]
[Round "1.8"]
[Result "1-0"]
[White "Vidit Santosh Gujrathi"]
[Black "Peter Svidler"]
[WhiteElo "2726"]
[BlackElo "2723"]
[PlyCount "85"]

1. d4 d6 2. Nf3 Bg4 3. e4 Nf6 4. Nc3 e6 5. h3 Bh5 6. g4 Bg6
7. Qe2 c6 8. h4 h5 9. g5 Nfd7 10. Bh3 Be7 11. Be3 d5 12. Nd2
Na6 13. O-O Nb4 14. Rac1 dxe4 15. Ncxe4 Nd5 16. c4 Nxe3
17. Qxe3 O-O 18. f4 Bf5 19. Bg2 Re8 20. c5 Nf8 21. Nc4 Ng6
22. Qf2 Nxh4 23. Ned6 Nxg2 24. Kxg2 Bxd6 25. Nxd6 Re7 26. Rfe1
Bg6 27. Rcd1 Rd7 28. Nc4 Bf5 29. Re5 b6 30. b4 bxc5 31. Rxc5
Rd5 32. Kg3 Rb8 33. Ne5 Rxc5 34. bxc5 Be4 35. Qe2 Qd5 36. Qxh5
Rb7 37. Rd2 Bg6 38. Qh4 Qe4 39. Rh2 Qe3+ 40. Nf3 Kf8 41. Qh8+
Ke7 42. Qc8 Rb1 43. Qc7+ 1-0

[Event "Pepe Cuenca Invitational"]
[Site "chess24.com INT"]
[Date "2020.04.13"]
[EventDate "2020.04.12"]
[Round "1.9"]
[Result "1/2-1/2"]
[White "Peter Svidler"]
[Black "Vidit Santosh Gujrathi"]
[WhiteElo "2723"]
[BlackElo "2726"]
[PlyCount "92"]

1. c4 c5 2. Nf3 Nc6 3. d4 cxd4 4. Nxd4 Nf6 5. Nc3 e6 6. g3 Qb6
7. Nf3 d5 8. cxd5 exd5 9. Bg2 d4 10. Na4 Bb4+ 11. Bd2 Qb5
12. O-O Bxd2 13. Nxd2 O-O 14. Rc1 Bg4 15. Nc5 Qxe2 16. Qxe2
Bxe2 17. Rfe1 d3 18. Rc3 Nd4 19. Nxd3 Rad8 20. Nc5 b6 21. Ncb3
Nxb3 22. Nxb3 Rfe8 23. h3 g6 24. Bf1 Bxf1 25. Rxe8+ Rxe8
26. Kxf1 Re7 27. Nd4 Rd7 28. Nc6 Ne4 29. Re3 f5 30. Re2 Kg7
31. Ne5 Rc7 32. Kg2 Kf6 33. Nd3 a5 34. Nf4 Rd7 35. Rc2 Nc5
36. a3 g5 37. Ne2 a4 38. Nc3 h5 39. Re2 g4 40. hxg4 hxg4
41. f3 gxf3+ 42. Kxf3 Rd3+ 43. Re3 Rd2 44. Re2 Rd3+ 45. Re3
Rd2 46. Re2 Rd3+ 1/2-1/2

[Event "Pepe Cuenca Invitational"]
[Site "chess24.com INT"]
[Date "2020.04.13"]
[EventDate "2020.04.12"]
[Round "1.10"]
[Result "1-0"]
[White "Vidit Santosh Gujrathi"]
[Black "Peter Svidler"]
[WhiteElo "2726"]
[BlackElo "2723"]
[PlyCount "97"]

1. d4 d5 2. c4 c6 3. Nf3 Nf6 4. e3 a6 5. Nc3 b5 6. c5 g6
7. Ne5 Bg7 8. f4 Qc7 9. Be2 Nfd7 10. O-O O-O 11. Nd3 a5 12. a3
f5 13. Bd2 Nf6 14. Be1 Ne4 15. Ne5 Nd7 16. Nf3 Ndf6 17. Na2
Ng4 18. Qc1 h6 19. h3 Ngf6 20. Ne5 Kh7 21. Qd1 Be6 22. Nc1 Nd7
23. Ncd3 Nxe5 24. fxe5 g5 25. h4 Qd7 26. hxg5 hxg5 27. Bh5 Bf7
28. Bxf7 Rxf7 29. Qh5+ Kg8 30. Rf3 Qe6 31. Rh3 Kf8 32. Nf2 g4
33. Nxe4 dxe4 34. Rh2 Ke8 35. Bg3 Kd7 36. Qg5 Rg8 37. Qf4 Bf8
38. Qf2 Rgg7 39. Qd2 Qb3 40. Bf4 Rh7 41. Rxh7 Rxh7 42. Qxa5
Qxb2 43. Rf1 Qb3 44. Qa7+ Ke6 45. Qc7 Kd5 46. Qd7+ Kc4
47. Qxf5 Rh8 48. Qxe4 Bh6 49. Rc1+ 1-0

[Event "Pepe Cuenca Invitational"]
[Site "chess24.com INT"]
[Date "2020.04.13"]
[EventDate "2020.04.12"]
[Round "1.11"]
[Result "1-0"]
[White "Peter Svidler"]
[Black "Vidit Santosh Gujrathi"]
[WhiteElo "2723"]
[BlackElo "2726"]
[PlyCount "99"]

1. e4 e5 2. Bc4 Nf6 3. d3 Nc6 4. Nf3 Bc5 5. c3 O-O 6. Nbd2 d6
7. O-O a6 8. a4 h6 9. h3 Ba7 10. Re1 Re8 11. Bb3 Be6 12. Bc2
a5 13. Nc4 Bxc4 14. dxc4 Ne7 15. g3 Ng6 16. Kg2 Nf8 17. b3 Ne6
18. Nh4 Kh7 19. Nf5 Ng8 20. Qe2 g6 21. Ne3 Nf6 22. Bd2 Kg7
23. Rad1 Nh5 24. Qf3 Qf6 25. Qg4 Kh7 26. Rf1 c6 27. Bc1 Rad8
28. Kh2 Qe7 29. Nf5 Qf6 30. Nxd6 Re7 31. Nf5 Rxd1 32. Qxd1
gxf5 33. Qxh5 f4 34. Qf5+ Kg7 35. Kg2 Rd7 36. Rd1 Rxd1
37. Bxd1 Qxf5 38. exf5 Nc5 39. Bc2 Bb8 40. b4 Na6 41. Bd2 b6
42. Be4 Bd6 43. c5 bxc5 44. bxa5 Bc7 45. c4 Nb8 46. g4 Kf6
47. h4 Bd8 48. Kh3 Kg7 49. Bc3 Bf6 50. g5 1-0

[Event "Pepe Cuenca Invitational"]
[Site "chess24.com INT"]
[Date "2020.04.13"]
[EventDate "2020.04.12"]
[Round "1.12"]
[Result "1-0"]
[White "Vidit Santosh Gujrathi"]
[Black "Peter Svidler"]
[WhiteElo "2726"]
[BlackElo "2723"]
[PlyCount "47"]

1. d4 Nf6 2. c4 g6 3. Nc3 d5 4. cxd5 Nxd5 5. e4 Nxc3 6. bxc3
Bg7 7. Be3 c5 8. Nf3 O-O 9. Rc1 Qa5 10. Qd2 Nd7 11. Bh6 Nf6
12. Bd3 Bg4 13. Bxg7 Kxg7 14. Ne5 cxd4 15. cxd4 Qb6 16. h3 Bd7
17. d5 Rac8 18. O-O Ba4 19. Rb1 Qc7 20. Nf3 b6 21. Rbc1 Qd7
22. Qb4 b5 23. Qd4 a5 24. e5 1-0

[Event "Pepe Cuenca Invitational"]
[Site "chess24.com INT"]
[Date "2020.04.13"]
[EventDate "2020.04.12"]
[Round "1.13"]
[Result "1-0"]
[White "Peter Svidler"]
[Black "Vidit Santosh Gujrathi"]
[WhiteElo "2723"]
[BlackElo "2726"]
[PlyCount "87"]

1. c4 c5 2. g3 g6 3. Bg2 Bg7 4. Nc3 Nc6 5. b3 Nf6 6. Bb2 O-O
7. d3 e6 8. Bxc6 bxc6 9. f4 e5 10. fxe5 Ng4 11. Nf3 Nxe5
12. Nxe5 Bxe5 13. Qd2 d6 14. O-O-O Qe7 15. Na4 Re8 16. e4 Bg4
17. Rde1 Rad8 18. Rhf1 Bh3 19. Rf2 d5 20. Bxe5 Qxe5 21. Qc3
Qg5+ 22. Kb2 dxe4 23. Rxe4 Rxe4 24. dxe4 Rd4 25. Qa5 Rxe4
26. Qxc5 Qxc5 27. Nxc5 Re3 28. a4 Kg7 29. Rd2 Re5 30. b4 Bf1
31. Kc3 Re1 32. Rc2 Re3+ 33. Kd4 Ra3 34. Rf2 Ra1 35. Nb3 Rd1+
36. Kc5 f5 37. Na5 Rc1 38. Rf4 Kf6 39. Nxc6 g5 40. Rd4 Be2
41. Nxa7 Rf1 42. b5 f4 43. gxf4 gxf4 44. b6 1-0

[Event "Giri - Vidit Training"]
[Site "chess24.com INT"]
[Date "2020.04.16"]
[EventDate "2020.04.16"]
[Round "1"]
[Result "0-1"]
[White "Vidit Santosh Gujrathi"]
[Black "Anish Giri"]
[WhiteElo "2726"]
[BlackElo "2764"]
[PlyCount "68"]

1. d4 Nf6 2. c4 e6 3. Nf3 d5 4. g3 Bb4+ 5. Bd2 a5 6. Bg2 O-O
7. Qc2 c5 8. cxd5 cxd4 9. Nxd4 Qb6 10. e3 exd5 11. O-O Nc6
12. Nxc6 bxc6 13. Rc1 Rb8 14. Nc3 h5 15. Na4 Qd8 16. Bxb4 Rxb4
17. b3 h4 18. Qxc6 h3 19. Bh1 d4 20. Qc7 dxe3 21. fxe3 Qe8
22. Re1 Re4 23. Qxa5 Rxe3 24. Qd2 Rxe1+ 25. Rxe1 Qb5 26. Bf3
Bb7 27. Nc3 Qc5+ 28. Qe3 Qb4 29. a3 Qxb3 30. Rb1 Qc2 31. Bxb7
Re8 32. Qc1 Qd3 33. Rb2 Ng4 34. Qd2 Qxd2 0-1

[Event "Giri - Vidit Training"]
[Site "chess24.com INT"]
[Date "2020.04.16"]
[EventDate "2020.04.16"]
[Round "2"]
[Result "1/2-1/2"]
[White "Anish Giri"]
[Black "Vidit Santosh Gujrathi"]
[WhiteElo "2764"]
[BlackElo "2726"]
[PlyCount "117"]

1. Nf3 d5 2. d4 Nf6 3. Bf4 e6 4. Nbd2 Bd6 5. Bg5 Be7 6. e3 h6
7. Bh4 c5 8. c3 Nc6 9. Bd3 c4 10. Bc2 b5 11. a3 a5 12. O-O Bb7
13. Ne5 Nxe5 14. dxe5 Nd7 15. Bxe7 Qxe7 16. f4 O-O 17. Qh5 b4
18. Nf3 Nc5 19. Nd4 Nd3 20. f5 exf5 21. Nxf5 Qg5 22. Qxg5 hxg5
23. Nd6 Bc6 24. axb4 axb4 25. Rxa8 Rxa8 26. Bxd3 cxd3 27. Rd1
Ra2 28. cxb4 Rxb2 29. Rxd3 Rxb4 30. Nf5 Kf8 31. Nd4 Bd7
32. Ra3 Rb8 33. Ra7 Be6 34. h3 Re8 35. Kf2 Re7 36. Ra8+ Re8
37. Ra7 Re7 38. Ra5 Rc7 39. Kf3 Ke7 40. Ra6 Bd7 41. Ra5 Be6
42. Ra8 f6 43. exf6+ gxf6 44. Rh8 Bd7 45. Rh7+ Kd6 46. Rh8 Rc8
47. Rh7 Rg8 48. Kf2 Rf8 49. Rg7 Be6 50. Ra7 Bd7 51. Rb7 Rc8
52. Ra7 Rc1 53. Ra8 Rc8 54. Ra6+ Ke7 55. Ra1 Rc7 56. Rh1 Ra7
57. Kf3 Ra2 58. h4 gxh4 59. Rxh4 1/2-1/2

[Event "Giri - Vidit Training"]
[Site "chess24.com INT"]
[Date "2020.04.16"]
[EventDate "2020.04.16"]
[Round "3"]
[Result "1/2-1/2"]
[White "Vidit Santosh Gujrathi"]
[Black "Anish Giri"]
[WhiteElo "2726"]
[BlackElo "2764"]
[PlyCount "92"]

1. Nf3 d5 2. e3 c5 3. b3 Nf6 4. Bb2 g6 5. c4 dxc4 6. Bxc4 Bg7
7. O-O O-O 8. d4 cxd4 9. Nxd4 Bd7 10. Be2 Nc6 11. Nd2 Nxd4
12. Bxd4 Bc6 13. Nc4 Ne4 14. Bxg7 Kxg7 15. Qc2 Nf6 16. Rfd1
Qc7 17. Qb2 Rfd8 18. Ne5 Be8 19. Rdc1 Qb6 20. Bf3 Rac8 21. g4
h6 22. h4 Kg8 23. Kg2 Nd7 24. Nxd7 Bxd7 25. Qe5 Be6 26. g5 h5
27. Kg3 Qb4 28. Rxc8 Rxc8 29. Rd1 Qb6 30. Qe4 Qc7+ 31. Kg2 b6
32. Rd2 a5 33. Qd4 Qc5 34. Qxc5 Rxc5 35. Rd8+ Kg7 36. Rb8 Rc2
37. Rxb6 Rxa2 38. Rb5 Ra3 39. Bd5 Bxd5+ 40. Rxd5 Rxb3 41. Rxa5
Rb4 42. Kg3 Rg4+ 43. Kh3 Re4 44. Kg3 Rg4+ 45. Kh3 Re4 46. Kg3
Rg4+ 1/2-1/2

[Event "Giri - Vidit Training"]
[Site "chess24.com INT"]
[Date "2020.04.16"]
[EventDate "2020.04.16"]
[Round "4"]
[Result "1/2-1/2"]
[White "Anish Giri"]
[Black "Vidit Santosh Gujrathi"]
[WhiteElo "2764"]
[BlackElo "2726"]
[PlyCount "117"]

1. Nf3 d5 2. d4 Nf6 3. Bf4 e6 4. Nbd2 Bd6 5. Bg5 Be7 6. e3 b6
7. c3 O-O 8. Ne5 Nfd7 9. Bxe7 Qxe7 10. Nxd7 Nxd7 11. Be2 c5
12. O-O Bb7 13. a4 a5 14. Nf3 Rfd8 15. Qb3 Rab8 16. Rfe1 Qd6
17. Qd1 Bc6 18. Qc2 h6 19. Red1 Qc7 20. Re1 Re8 21. Red1 Rbd8
22. Rd2 Re7 23. Rc1 Bb7 24. Rdd1 Bc6 25. Rd2 Qb8 26. Ra1 Qb7
27. Qb3 Rb8 28. Qc2 Ree8 29. Qd1 Qc7 30. Qf1 Red8 31. Qc1 e5
32. dxe5 Nxe5 33. Nxe5 Qxe5 34. Bf3 Rd6 35. Qd1 Rbd8 36. g3 d4
37. exd4 cxd4 38. c4 Be4 39. Bxe4 Qxe4 40. Qe2 Qc6 41. Qd3 Re8
42. b3 h5 43. h4 Rde6 44. Rf1 Re4 45. Qf3 Qg6 46. Kh2 R8e6
47. Rfd1 Rf6 48. Qg2 Qg4 49. Rd3 Re2 50. R1d2 Rxd2 51. Rxd2
Kh7 52. Qd5 Rf5 53. Qxd4 Qxd4 54. Rxd4 Rxf2+ 55. Kh3 Rf3
56. Rd5 Rxb3 57. c5 g6 58. cxb6 Rxb6 59. Rxa5 1/2-1/2

[Event "FIDE Chess.com Online Nations Cup"]
[Site "chess.com INT"]
[Date "2020.05.06"]
[EventDate "2020.05.05"]
[Round "3.2"]
[Result "1-0"]
[White "Levon Aronian"]
[Black "Vidit Santosh Gujrathi"]
[WhiteElo "2773"]
[BlackElo "2726"]
[PlyCount "111"]

1. Nf3 d5 2. e3 c5 3. c4 d4 4. exd4 cxd4 5. Bd3 Nc6 6. O-O Nf6
7. Bc2 Bg4 8. Ba4 Nd7 9. h3 Bh5 10. d3 e5 11. Re1 Be7 12. Nbd2
O-O 13. Ne4 Qc7 14. a3 a5 15. Ng3 Bg6 16. Bxc6 bxc6 17. Nxd4
exd4 18. Rxe7 Qd6 19. Re2 Nc5 20. Ne4 Nxe4 21. dxe4 Rfe8
22. f3 a4 23. c5 Qxc5 24. Bf4 Qb6 25. Rc1 c5 26. Rc4 f6
27. Qc1 Ra5 28. Rec2 f5 29. Rxc5 Rxc5 30. Rxc5 fxe4 31. fxe4
d3 32. Be3 Qe6 33. Rc7 Qxe4 34. Bd2 h6 35. Qc5 Bf7 36. Bc3 Qg6
37. Re7 Rxe7 38. Qxe7 Kh7 39. Qe5 Be8 40. Kf2 Bf7 41. g4 Bb3
42. Ke3 Bc2 43. Kd2 Bb3 44. Ke3 Bc2 45. Kd2 Bb3 46. Qe7 Bc2
47. b4 axb3 48. Bb2 h5 49. g5 h4 50. a4 Kg8 51. a5 Kh7 52. a6
Bd1 53. Kxd1 d2 54. Qxg7+ Qxg7 55. Bxg7 Kxg7 56. Kxd2 1-0

[Event "FIDE Chess.com Online Nations Cup"]
[Site "chess.com INT"]
[Date "2020.05.09"]
[EventDate "2020.05.05"]
[Round "10.1"]
[Result "1-0"]
[White "Vladislav Artemiev"]
[Black "Vidit Santosh Gujrathi"]
[WhiteElo "2716"]
[BlackElo "2726"]
[PlyCount "51"]

1. d4 Nf6 2. Nf3 d5 3. Bg5 Ne4 4. Bh4 Qd6 5. Nbd2 Qh6 6. Qc1
g5 7. Nxe4 dxe4 8. Bxg5 Qh5 9. Ng1 Bg7 10. c3 c5 11. Bd2 Nc6
12. e3 Bg4 13. Ne2 O-O-O 14. b4 cxb4 15. cxb4 Kb8 16. b5 Qxb5
17. Rb1 Qd5 18. Nc3 Qe6 19. Na4 Ka8 20. Rxb7 Qd6 21. Nc5 Nxd4
22. Rxa7+ Kxa7 23. Qa3+ Kb6 24. Qb4+ Kc6 25. Qb7+ Kxc5
26. Bb4# 1-0